000 00831nam a2200253 a 4500
001 000003730
005 20240530073910.0
008 090713s2007 dr 000 f spa d
020 _a9789945427189
040 _aDO-SdBNP
_bspa
_cBNPHU
082 _aRD863.44
_bB663m
100 1 _aBobadilla, José,
_d1955-
_911356
245 1 0 _aMemoria del horror hermoso /
_cJosé Bobadilla.
260 _aSanto Domingo :
_bNacional,
_c2007.
300 _a502 p. ;
_c23 cm.
490 1 _aPremios nacionales
500 _aIncluye breve biografía del autor en las solapas
586 _aPremio anual de novela Manuel de Jesús Galván, 2007
590 _aInventariado, 2020/MFF
650 0 _aNovela dominicana
_9223
650 0 _aLiteratura dominicana.
_967
830 0 _aPremios nacionales
_9718
910 _aValidado. Control de calidad MFF
999 _c3552
_d3552